Havana Airport Destinations - Statistics

General Stats
  • This quiz has been taken 76 times
  • The average score is 31 of 42
Answer Stats
Country City % Correct
Argentina Buenos Aires
100%
Colombia Bogotá
96%
Mexico Mexico City
96%
Italy Milan
96%
Mexico Mexico City Santa Lucia
94%
United States Miami
94%
Canada Montreal
94%
Panama Panama City (BLB)
94%
Panama Panama City (PTY)
94%
France Paris
94%
Italy Rome
94%
Turkey Istanbul
92%
Switzerland Zürich
92%
Germany Frankfurt
90%
Spain Madrid
90%
Bahamas Nassau
90%
Spain Barcelona
88%
Venezuela Caracas
88%
United States New York City (EWR)
88%
United States New York City (JFK)
86%
Haiti Port-au-Prince
86%
Dominican Republic Santo Domingo (JBQ)
86%
Dominican Republic Santo Domingo (SDQ)
86%
Mexico Cancún
84%
Nicaragua Managua
82%
Dominican Republic Punta Cana
78%
Colombia Medellín
71%
Mexico Monterrey
71%
Saint Vincent & the Grenadines Saint Vincent
71%
United States Tampa
69%
United States Houston
67%
Trinidad & Tobago Port of Spain
67%
Cuba Santiago de Cuba
65%
United States Fort Lauderdale
55%
Netherlands (Overseas) Bonaire
45%
United Kingdom (Overseas) Grand Cayman
45%
Mexico Mérida
41%
Cuba Cayo Coco
29%
Cuba Camagüey
27%
Cuba Holguín
27%
Cuba Cayo Largo del Sur
12%
Venezuela Porlamar
12%
No matching quizzes found
Score Distribution
Percent of People with Each Score
Percentile by Number Answered
Your Score History
You have not taken this quiz